1032 1058 1984 1401 1642 1914 1089 1328 1335 1404 1130 1496 1587 1383 1790 1421 1614 1805 1079 1797 1385 1928 1171 1094 1272 1255 1649 1468 1972 1459 1088 1585 1360 1301 1595 1161 1809 1455 1344 1486 1047 1018 1493 1932 1339 1226 1270 1131 1201 1069 1530 1776 1319 1319 1781 1280 1547 1524 1787 1504 1845 1554 1542 1745 1117 1539 1044 1987 1546 1028 1110 1154 1608 1697 1133 1521 1931 1093 1760 1215 1653 1524 1068 1061 1817 1941 1399 1585 1773 1402 1482 1884 1998 1886 1816 1633 1854 1165 1669 BCNSPRNW ULIB Ver.6.0+V

เปลี่ยนเป็นภาษาไทย

Change to English
 แสดงรายละเอียดบรรณานุกรม
  กลับหน้าหลัก

Brief Record : Get Marc (ISO 2709) : E-mail record : QR code < ปิดหน้าต่าง
LEADER : 00000nam 2200000uu 4500
001    13399113041
003     ULIB
008    110921s2548||||th 000 0 tha d
020    9749173202
041 0  tha/eng
050  4 PE1131^bป312บ ล.2 2548
100 0  ประพิศ พงศ์พานิช
245 10 บทสนทนาภาษาอังกฤษสำหรับบุคลากรทางการแพทย์.^nbook two =^bEnglish for the medical profession : doctors, nurses,students, everyone involved in health care /^c[คณะผู้จัดทำ, ประพิศ พงษ์พานิช, บ็อบ ก็อดสัน]
246 14 English for the medical profession in patients :^bบทสนทนาภาษาอังกฤษสำหรับบุคลากรทางการแพทย์
246 31 English for the medical profession : doctors, nurses,students, everyone involved in health care
250    พิมพ์ครั้งที่ 3
260    กรุงเทพฯ :^bโรงพยาบาลบีเอ็นเอช(บางกอกเนอสซิ่งโฮม),^c2548
300    139 หน้า :^bภาพประกอบ ;^c22 ซม.
650  4 ภาษาอังกฤษ^xบทสนทนาและวลี
653    Open Your Eyes Project
700 1  ก็อดสัน, บ็อบ
945    ^p150^l0^i023268
995    ทศพร
999 ^a ทศพร
รายการนี้ยังไม่มีแท็ก
คุณยังไม่ได้ล็อกอิน คุณสามารถมีกิจกรรมร่วมกับเว็บไซต์ได้ แต่ต้องล็อกอินก่อน ::
  ล็อกอิน

รายการสื่อสารสนเทศ

ลำดับที่ ประเภท เลขเรียก/บาร์โค้ด สถานที่ สถานะ
- ไม่พบข้อมูล -

รายการใกล้เคียง
    ผู้แต่ง [ประพิศ พงศ์พานิช]

BibComment


ยังไม่เคยถูกคอมเมนท์

คอมเมนท์ทรัพยากรรายการนี้
  คอมเมนท์: บทสนทนาภาษาอังกฤษ..


 Copyright 2026. Bcnsprnw @Library